00447nam a2200145Ia 4500020001800000082002500018100001900043245008400062260003600146300000800182504002600190650003100216650003700247700001700284 a9788189497163 aRR 305.800954165 HAM aHam, Peter Van 0aExpedition Naga: diaries from the hills in Northeast India 1921-1937. 2002-2006 aNew DelhibTimeless Booksc2006 a295 aincludes bibliography aIndia, North eastvHistory aNaga (South Asian people)zIndia aSaul, Jamie